Obraz Doriana Graye /
Jediná rozsáhlejší próza proslulého anglického autora je fantastickým příběhem, v němž se hříšný život mladého světáka promítá do jeho portrétu.
Uloženo v:
| Hlavní autor: | |
|---|---|
| Další autoři: | |
| Médium: | E-kniha |
| Jazyk: | Czech |
| Vydáno: |
V Praze :
CooBoo,
2020
|
| Vydání: | V tomto překladu vydání první |
| Edice: | CooBoo Classics
|
| Témata: | |
| Tagy: |
Žádné tagy |
| LEADER | 02434nam a2200433 i 4500 | ||
|---|---|---|---|
| 001 | 311222 | ||
| 003 | CZ PrSKC | ||
| 005 | 20260601215701.0 | ||
| 007 | ta | ||
| 008 | 200828s2020 xr g 000 f cze | ||
| 015 | |a cnb003244139 | ||
| 020 | |a 9788076610385 |q (vázáno) : |c Kč 299,00 | ||
| 035 | |a (OCoLC)1204254057 | ||
| 040 | |a ABG001 |b cze |d ABA001 |e rda | ||
| 041 | 1 | |a cze |h eng | |
| 072 | 7 | |a 821.111-3 |x Anglická próza, anglicky psaná |2 Konspekt | |
| 080 | |a 821.111-31 |2 MRF | ||
| 080 | |a (0:82-31) |2 MRF | ||
| 100 | 1 | |a Wilde, Oscar, |d 1854-1900 |7 jn19981002409 |4 aut | |
| 240 | 1 | 0 | |a Picture of Dorian Gray. |l Česky |7 aun2007417649 |
| 245 | 1 | 0 | |a Obraz Doriana Graye / |c Oscar Wilde ; přeložil Petr Eliáš |
| 250 | |a V tomto překladu vydání první | ||
| 264 | 1 | |a V Praze : |b CooBoo, |c 2020 | |
| 300 | |a 258 stran ; |c 21 cm | ||
| 336 | |a text |b txt |2 rdacontent | ||
| 337 | |a bez média |b n |2 rdamedia | ||
| 338 | |a svazek |b nc |2 rdacarrier | ||
| 490 | 1 | |a CooBoo Classics ; |v svazek 4 | |
| 520 | 2 | |a Jediná rozsáhlejší próza proslulého anglického autora je fantastickým příběhem, v němž se hříšný život mladého světáka promítá do jeho portrétu. |b Fantastický příběh, v němž se hříšný život mladého aristokratického světáka promítá do jeho portrétu, který stárne a rok od roku jeví stále výraznější stopy hrdinova odpudivého života, zatímco on sám zůstává stále mladý a krásný. Autor tak předvádí rozpor mezi morálkou a estetickým prožitkem: zatímco Dorian Gray zůstává stále dvacetiletý, jeho dokonalá podoba na plátně stárne a stává se stále ohyzdnější podle toho, jak postupuje jeho mravní úpadek a kolik mladých lidí přivedl do zkázy. | |
| 655 | 7 | |a anglické romány |7 fd131814 |2 czenas | |
| 655 | 9 | |a English fiction |2 eczenas | |
| 700 | 1 | |a Eliáš, Petr, |d 1986- |7 xx0079819 |4 trl | |
| 830 | 0 | |a CooBoo Classics | |
| 900 | |a ABA001 |b 20 | ||
| 928 | 9 | |a Albatros Media - CooBoo | |
| 044 | |a xr | ||
| 910 | |a RBIT002 | ||
| 998 | |d 208285 |a https://core.palmknihy.cz/api/books/208285/cover?si67k2 |b https://core.palmknihy.cz/api/books/208285/cover/400?si67k2 |c https://core.palmknihy.cz/api/books/208285/cover/50?si67k2 |e 2030-12-31 |g 264 |i 9788076610385 |j https://core.palmknihy.cz/api/books/208285/preview.epub |k https://core.palmknihy.cz/api/books/208285/preview.pdf |l |q 49 |r 1 |s https://www.palmknihy.cz/kniha/208285 |t ebook |y 2020 |z 0 | ||
| 999 | |d 311220 | ||